Statistics for Words that End in "-LVE"

Click here to take the quiz!

General Stats

  • This quiz has been taken 106 times
  • The average score is 8 of 17

Answer Stats

Answer% Correct
Solve
78%
Delve
77%
Salve
71%
Halve
70%
Valve
67%
Calve
61%
Resolve
51%
Twelve
51%
Shelve
47%
Absolve
46%
Revolve
44%
Evolve
37%
Devolve
33%
Dissolve
33%
Involve
30%
Helve
9%
Convolve
4%

Score Distribution

Percentile by Number Answered

Percent of People with Each Score

Your Score History

You have not taken this quiz